| 000 | 00984nam a22002537a 4500 | ||
|---|---|---|---|
| 005 | 20240305165613.0 | ||
| 007 | cr|||| |||| | ||
| 008 | 210820s2020 ca |||||s|||| 00||0 eng d | ||
| 020 | _a978-1- 55221-601-9 | ||
| 035 | _a35192 | ||
| 040 | _avLex | ||
| 090 |
_c12097 _d12097 |
||
| 100 | 1 | _aMcCamus, John D. | |
| 245 | 1 | 3 |
_aThe Law of Contracts _h[Recurso electrónico] / _cJohn D. McCamus |
| 250 | _aTercera Edición | ||
| 256 | _aServicio en línea | ||
| 260 |
_aToronto: _bIrwin Law Inc., _c2020 |
||
| 300 | _a1 recurso electrónico | ||
| 506 | 1 |
_aDisponible solo en los productos indicados _dvLex Global _dvLex Global (Academic Edition, excluding Law Schools) _dvLex Global (U.S. Academic Edition, Law Schools) _dvLex Global (U.S. Academic Edition, excluding Law Schools) _dvLex Global (Academic Edition, Law Schools) |
|
| 650 | 0 | 4 |
_aDerecho Civil _zCanadá |
| 740 | 0 | _avLex Libros (Servicio en línea) | |
| 856 | _uhttps://app.vlex.com/#/sources/35192 | ||
| 942 | _cRAA | ||
| 999 |
_c170333 _d170333 |
||